header

A public empire : (Record no. 93970)

MARC details
000 -LEADER
fixed length control field 02355nam a2200421 i 4500
001 - CONTROL NUMBER
control field ebr10846131
003 - CONTROL NUMBER IDENTIFIER
control field CaPaEBR
006 - FIXED-LENGTH DATA ELEMENTS--ADDITIONAL MATERIAL CHARACTERISTICS--GENERAL INFORMATION
fixed length control field m o d
007 - PHYSICAL DESCRIPTION FIXED FIELD--GENERAL INFORMATION
fixed length control field cr cn|||||||||
008 - FIXED-LENGTH DATA ELEMENTS--GENERAL INFORMATION
fixed length control field 130729t20142014njua ob 001 0 eng|d
020 ## - INTERNATIONAL STANDARD BOOK NUMBER
Cancelled/invalid ISBN 9780691159058 (hardcover : alk. paper)
International Standard Book Number 9781400850266 (e-book)
040 ## - CATALOGING SOURCE
Original cataloging agency CaPaEBR
Language of cataloging eng
Description conventions rda
-- pn
Transcribing agency CaPaEBR
035 ## - SYSTEM CONTROL NUMBER
System control number (OCoLC)873806133
043 ## - GEOGRAPHIC AREA CODE
Geographic area code e-ur---
050 14 - LIBRARY OF CONGRESS CALL NUMBER
Classification number KLA3040
Item number .P73 2014eb
082 04 - DEWEY DECIMAL CLASSIFICATION NUMBER
Classification number 333.10947/09034
Edition number 23
100 1# - MAIN ENTRY--PERSONAL NAME
Personal name Pravilova, E. A.
Fuller form of name (Ekaterina Anatolevna),
Relator term author.
245 12 - TITLE STATEMENT
Title A public empire :
Remainder of title property and the quest for the common good in imperial Russia /
Statement of responsibility, etc Ekaterina Pravilova.
264 #1 - PRODUCTION, PUBLICATION, DISTRIBUTION, MANUFACTURE, AND COPYRIGHT NOTICE
Place of production, publication, distribution, manufacture Princeton :
Name of producer, publisher, distributor, manufacturer Princeton University Press,
Date of production, publication, distribution, manufacture, or copyright notice [2014]
Date of production, publication, distribution, manufacture, or copyright notice �2014
300 ## - PHYSICAL DESCRIPTION
Extent 1 online resource (448 pages) :
Other physical details illustrations
336 ## - CONTENT TYPE
Content type term text
Source rdacontent
337 ## - MEDIA TYPE
Media type term computer
Source rdamedia
338 ## - CARRIER TYPE
Carrier type term online resource
Source rdacarrier
504 ## - BIBLIOGRAPHY, ETC. NOTE
Bibliography, etc Includes bibliographical references and index.
505 0# - FORMATTED CONTENTS NOTE
Formatted contents note Whose nature? Environmentalism, industrialization, and the politics of property -- The meanings of property -- Forests, minerals, and the controversy over property in post-emancipation Russia -- Nationalizing rivers, expropriating lands -- The treasures of the fatherland -- Inventing national patrimony -- Private possessions and national art -- "Estates on Parnassus": literary property and cultural reform -- Writers and the audience: legal provisions and public discourse -- The private letters of national literature.
588 ## - SOURCE OF DESCRIPTION NOTE
Source of description note Description based on print version record.
590 ## - LOCAL NOTE (RLIN)
Local note Electronic reproduction. Palo Alto, Calif. : ebrary, 2014. Available via World Wide Web. Access may be limited to ebrary affiliated libraries.
650 #0 - SUBJECT ADDED ENTRY--TOPICAL TERM
Topical term or geographic name as entry element Public domain
Geographic subdivision Russia
General subdivision History.
Topical term or geographic name as entry element Right of property
Geographic subdivision Russia
General subdivision History.
Topical term or geographic name as entry element Government ownership
Geographic subdivision Russia
General subdivision History.
651 #0 - SUBJECT ADDED ENTRY--GEOGRAPHIC NAME
Geographic name Russia
General subdivision History
Chronological subdivision 1613-1917.
655 #0 - INDEX TERM--GENRE/FORM
Genre/form data or focus term Electronic books.
776 08 - ADDITIONAL PHYSICAL FORM ENTRY
Display text Print version:
Main entry heading Pravilova, E. A.
Title Public empire : property and the quest for the common good in imperial Russia.
Place, publisher, and date of publication Princeton : Princeton University Press, [2014]
International Standard Book Number 9780691159058
Record control number (DLC)10846131
797 2# - LOCAL ADDED ENTRY--CORPORATE NAME (RLIN)
Corporate name or jurisdiction name as entry element ebrary.
856 40 - ELECTRONIC LOCATION AND ACCESS
Uniform Resource Identifier <a href="http://site.ebrary.com/lib/rucke/Doc?id=10846131">http://site.ebrary.com/lib/rucke/Doc?id=10846131</a>
Public note An electronic book accessible through the World Wide Web; click to view

No items available.

© 2026 Rongo University
Contact us: librarian | system librarian | Rongo university